000 00414nam a2200109Ia 4500
008 160909s9999 xx 000 0 und d
100 _aSalazar, Tammie L.
245 4 _aThe role of trust in effective instructional leadership: Exploring the perceptions of educational leaders
260 _bDallas Baptist University
_c2016
650 _aEDUC/SPED
856 _uhttp://pqdtopen.proquest.com/doc/1793941002.html?FMT=ABS
999 _c305096
_d305096